| 000 | 00645nam a22002415a 4500 | ||
|---|---|---|---|
| 001 | 002967 | ||
| 003 | armpunfd | ||
| 005 | 20150623164017.0 | ||
| 008 | 140912s1998####ag############000#0#und#d | ||
| 080 | _a347.748.758 V 714 | ||
| 100 | 1 | _aVillegas, Carlos Alberto. | |
| 245 | 1 | 0 |
_aEl Cheque / _cVillegas, Carlos Gilberto. |
| 260 |
_aBuenos Aires : _bRubinzal- Culzoni, _c1998. |
||
| 300 | _a526 P. | ||
| 650 | 7 |
_aCheque Comun _2LEMB |
|
| 650 | 7 |
_aCheque Cruzado _2LEMB |
|
| 650 | 7 |
_aCheque de Pago Diferido _2LEMB |
|
| 650 | 7 |
_aCheque _2LEMB |
|
| 650 | 7 |
_aLey 24452 _2LEMB |
|
| 651 | _2LEMB | ||
| 945 |
_acd _d2014-09-12 |
||
| 999 |
_c3320 _d233824 |
||